000 00617nam a22002177a 4500
003 UA-OsUOA
001 128523
007 ta
008 20180117b un ||||| |||| 00| 0 ukr d
100 _aЧорна Т.Л.
090 _a34
_bЧ-75
942 _cSA
040 _aUA-OsUOA
_bukr
_cUA-OsUOA
_dUA-OsUOA
245 _aПроблеми виконання рішень судів в Україні
300 _aС. 6-11
955 _a0
041 _aukr
080 _a34
773 0 _w128521
_tЕкономіка. Фінанси. Право.
_dК.
_d2017
_g11
650 7 _a34 Право. Юриспруденція
_2UDC
999 _c416014
_d416014